<?xml version="1.0" encoding="UTF-8"?>
<record
    xmlns:xsi="http://www.w3.org/2001/XMLSchema-instance"
    xsi:schemaLocation="http://www.loc.gov/MARC21/slim http://www.loc.gov/standards/marcxml/schema/MARC21slim.xsd"
    xmlns="http://www.loc.gov/MARC21/slim">

  <leader>02613cam a2200373 a 4500</leader>
  <controlfield tag="001">12377769</controlfield>
  <controlfield tag="003">OSt</controlfield>
  <controlfield tag="005">20221124101550.0</controlfield>
  <controlfield tag="008">010412s2002    ohuab         001 0 eng  </controlfield>
  <datafield tag="010" ind1=" " ind2=" ">
    <subfield code="a">  2007942354x</subfield>
  </datafield>
  <datafield tag="020" ind1=" " ind2=" ">
    <subfield code="a">9780324649673</subfield>
  </datafield>
  <datafield tag="020" ind1=" " ind2=" ">
    <subfield code="a">0324649673</subfield>
  </datafield>
  <datafield tag="040" ind1=" " ind2=" ">
    <subfield code="a">DLC</subfield>
    <subfield code="c">DLC</subfield>
    <subfield code="d">DLC</subfield>
  </datafield>
  <datafield tag="050" ind1="0" ind2="0">
    <subfield code="a">K1005.4.S33</subfield>
  </datafield>
  <datafield tag="082" ind1="0" ind2="0">
    <subfield code="a">341.7/53</subfield>
    <subfield code="2">21</subfield>
  </datafield>
  <datafield tag="100" ind1="1" ind2=" ">
    <subfield code="a">Schaffer, Richard.</subfield>
    <subfield code="9">772</subfield>
  </datafield>
  <datafield tag="245" ind1="1" ind2="0">
    <subfield code="a">International business law and its environment. /</subfield>
    <subfield code="c">Richard Schaffer,  Filiberto Agusti, Beverley Earle</subfield>
  </datafield>
  <datafield tag="250" ind1=" " ind2=" ">
    <subfield code="a">7th ed.</subfield>
  </datafield>
  <datafield tag="260" ind1=" " ind2=" ">
    <subfield code="a">Cincinnati, Ohio :</subfield>
    <subfield code="b">West/Thomson Learning,</subfield>
    <subfield code="c">2008.</subfield>
  </datafield>
  <datafield tag="300" ind1=" " ind2=" ">
    <subfield code="a">xxxiv, 719 p. :</subfield>
    <subfield code="b">ill.;</subfield>
    <subfield code="c">27 cm.</subfield>
  </datafield>
  <datafield tag="490" ind1=" " ind2=" ">
    <subfield code="a">South-Western legal studies in business: academic series</subfield>
  </datafield>
  <datafield tag="500" ind1=" " ind2=" ">
    <subfield code="a">Maps on lining paper.</subfield>
  </datafield>
  <datafield tag="500" ind1=" " ind2=" ">
    <subfield code="a">Includes index.</subfield>
  </datafield>
  <datafield tag="505" ind1=" " ind2=" ">
    <subfield code="a">Contents: The Legal environment of international business: Introduction to international business -- International law and organizations -- The Resolution of international disputes -- International sales, credit and the commercial transaction: Sales contracts and excuses for non performance -- The Documentary sale and terms of trade -- The Carriage of goods and the liability of air and sea carriers -- Bank collections, trade finance and letter of credit -- International and U.S trade law: National lawmaking powers and the regulation of U.S trade -- GATT law and the world trade organization: basic principles -- Regulating import competition and unfair trade -- Laws governing access to foreign markets -- Imports, customs and tariff law -- North American free trade law -- The European Union and other regional trade areas -- The Regulation of exports -- Regulation of the international marketplace: International marketing law: Sales representatives, advertising and ethical issues -- Licensing agreements and the protection of intellectual property rights -- Host country regulations: corporate law, taxation and currency risk -- Nationalization, expropriation and privatization -- Labor and employment discrimination law -- Environmental law -- Regulating the competitive environment -- Appendix.</subfield>
  </datafield>
  <datafield tag="650" ind1=" " ind2="0">
    <subfield code="a">Commercial law.</subfield>
    <subfield code="9">773</subfield>
  </datafield>
  <datafield tag="650" ind1=" " ind2="0">
    <subfield code="a">International business enterprises</subfield>
    <subfield code="x">Law and legislation.</subfield>
    <subfield code="9">774</subfield>
  </datafield>
  <datafield tag="650" ind1=" " ind2="0">
    <subfield code="a">Export sales contracts.</subfield>
    <subfield code="9">775</subfield>
  </datafield>
  <datafield tag="650" ind1=" " ind2="0">
    <subfield code="a">Foreign trade regulation.</subfield>
    <subfield code="9">776</subfield>
  </datafield>
  <datafield tag="700" ind1="1" ind2=" ">
    <subfield code="a">Agusti, Filiberto.</subfield>
    <subfield code="9">777</subfield>
  </datafield>
  <datafield tag="700" ind1="1" ind2=" ">
    <subfield code="q">Earle, Beverley.</subfield>
    <subfield code="9">778</subfield>
  </datafield>
  <datafield tag="906" ind1=" " ind2=" ">
    <subfield code="a">7</subfield>
    <subfield code="b">cbc</subfield>
    <subfield code="c">orignew</subfield>
    <subfield code="d">1</subfield>
    <subfield code="e">ocip</subfield>
    <subfield code="f">20</subfield>
    <subfield code="g">y-gencatlg</subfield>
  </datafield>
  <datafield tag="942" ind1=" " ind2=" ">
    <subfield code="2">lcc</subfield>
    <subfield code="c">BK</subfield>
  </datafield>
  <datafield tag="999" ind1=" " ind2=" ">
    <subfield code="c">8444</subfield>
    <subfield code="d">15944</subfield>
  </datafield>
  <datafield tag="952" ind1=" " ind2=" ">
    <subfield code="0">0</subfield>
    <subfield code="1">0</subfield>
    <subfield code="2">lcc</subfield>
    <subfield code="4">0</subfield>
    <subfield code="7">0</subfield>
    <subfield code="a">WIUC-KL</subfield>
    <subfield code="b">WIUC-KL</subfield>
    <subfield code="c">GEN</subfield>
    <subfield code="d">2022-01-19</subfield>
    <subfield code="o">K1005.4.S33(7e)</subfield>
    <subfield code="p">K/345/345/19</subfield>
    <subfield code="r">2022-01-19 00:00:00</subfield>
    <subfield code="w">2022-01-19</subfield>
    <subfield code="y">BK</subfield>
  </datafield>
</record>
